<?xml version="1.0" encoding="UTF-8"?>
<record
    xmlns:xsi="http://www.w3.org/2001/XMLSchema-instance"
    xsi:schemaLocation="http://www.loc.gov/MARC21/slim http://www.loc.gov/standards/marcxml/schema/MARC21slim.xsd"
    xmlns="http://www.loc.gov/MARC21/slim">

  <leader>01006nam2a22001812i 4500</leader>
  <controlfield tag="001">RU\VMP\78987</controlfield>
  <controlfield tag="005">20250107123006.0</controlfield>
  <datafield tag="010" ind1=" " ind2=" ">
    <subfield code="9">1000</subfield>
    <subfield code="a">978-5-906594-11-2</subfield>
  </datafield>
  <datafield tag="100" ind1=" " ind2=" ">
    <subfield code="a">20181109d2017    |||y0rusy5050    ca</subfield>
  </datafield>
  <datafield tag="101" ind1="0" ind2=" ">
    <subfield code="a">rus</subfield>
  </datafield>
  <datafield tag="200" ind1="0" ind2=" ">
    <subfield code="a">&#x412;&#x44B;&#x43F;. 12</subfield>
  </datafield>
  <datafield tag="210" ind1=" " ind2=" ">
    <subfield code="d">2017</subfield>
  </datafield>
  <datafield tag="215" ind1=" " ind2=" ">
    <subfield code="a">672 &#x441;., [40] &#x43B;. &#x438;&#x43B;.</subfield>
    <subfield code="d">20 &#x441;&#x43C;.</subfield>
  </datafield>
  <datafield tag="461" ind1=" " ind2="0">
    <subfield code="1">001RU\VMP\75424</subfield>
    <subfield code="1">2000 $v&#x412;&#x44B;&#x43F;. 12</subfield>
    <subfield code="f">&#x413;&#x43B;&#x430;&#x432;. &#x430;&#x440;&#x445;&#x438;&#x432;&#x43D;&#x43E;&#x435; &#x443;&#x43F;&#x440;. &#x43F;&#x440;&#x438; &#x421;&#x43E;&#x432;&#x435;&#x442;&#x435; &#x41C;&#x438;&#x43D;&#x438;&#x441;&#x442;&#x440;&#x43E;&#x432; &#x421;&#x421;&#x421;&#x420;</subfield>
    <subfield code="9">75424</subfield>
    <subfield code="a">&#x413;&#x43B;&#x430;&#x432;. &#x430;&#x440;&#x445;&#x438;&#x432;&#x43D;&#x43E;&#x435; &#x443;&#x43F;&#x440;. &#x43F;&#x440;&#x438; &#x421;&#x43E;&#x432;&#x435;&#x442;&#x435; &#x41C;&#x438;&#x43D;&#x438;&#x441;&#x442;&#x440;&#x43E;&#x432; &#x421;&#x421;&#x421;&#x420;</subfield>
    <subfield code="c">&#x41C;.</subfield>
    <subfield code="d">1970-</subfield>
    <subfield code="n">&#x421;&#x43E;&#x432;&#x435;&#x442;&#x441;&#x43A;&#x430;&#x44F; &#x420;&#x43E;&#x441;&#x441;&#x438;&#x44F;</subfield>
    <subfield code="o">&#x421;&#x431;&#x43E;&#x440;&#x43D;&#x438;&#x43A; &#x43C;&#x430;&#x442;&#x435;&#x440;&#x438;&#x430;&#x43B;&#x43E;&#x432; &#x426;&#x435;&#x43D;&#x442;&#x440;&#x430;&#x43B;&#x44C;&#x43D;&#x43E;&#x433;&#x43E; &#x413;&#x43E;&#x441;&#x443;&#x434;&#x430;&#x440;&#x441;&#x442;&#x432;&#x435;&#x43D;&#x43D;&#x43E;&#x433;&#x43E; &#x430;&#x440;&#x445;&#x438;&#x432;&#x430; &#x43B;&#x438;&#x442;&#x435;&#x440;&#x430;&#x442;&#x443;&#x440;&#x44B; &#x438; &#x438;&#x441;&#x43A;&#x443;&#x441;&#x441;&#x442;&#x432;&#x430; &#x421;&#x421;&#x421;&#x420;</subfield>
    <subfield code="t">&#x412;&#x441;&#x442;&#x440;&#x435;&#x447;&#x438; &#x441; &#x43F;&#x440;&#x43E;&#x448;&#x43B;&#x44B;&#x43C;</subfield>
    <subfield code="v">&#x412;&#x44B;&#x43F;. 12</subfield>
  </datafield>
  <datafield tag="345" ind1=" " ind2=" ">
    <subfield code="a">&#x41E;&#x41E;&#x41E; "&#x41A;&#x43D;&#x438;&#x436;&#x43D;&#x44B;&#x435; &#x43C;&#x430;&#x441;&#x442;&#x435;&#x440;&#x441;&#x43A;&#x438;&#x435;"</subfield>
    <subfield code="b">&#x422;&#x43E;&#x432;&#x430;&#x440;&#x43D;&#x430;&#x44F; &#x43D;&#x430;&#x43A;&#x43B;&#x430;&#x434;&#x43D;&#x430;&#x44F; &#x2116; 1504 &#x43E;&#x442; 28.09.2018 &#x433;&#x43E;&#x434;&#x430;</subfield>
  </datafield>
  <datafield tag="610" ind1=" " ind2=" ">
    <subfield code="5">80888</subfield>
    <subfield code="a">&#x411;&#x438;&#x431;&#x43B;&#x424;-&#x410;&#x43B;&#x444;&#x430;&#x432;&#x438;&#x442;</subfield>
  </datafield>
  <datafield tag="942" ind1=" " ind2=" ">
    <subfield code="c">BOOK</subfield>
  </datafield>
  <datafield tag="090" ind1=" " ind2=" ">
    <subfield code="a">78987</subfield>
  </datafield>
  <datafield tag="995" ind1=" " ind2=" ">
    <subfield code="5">2018-09-28</subfield>
    <subfield code="b">VMP</subfield>
    <subfield code="c">VMP</subfield>
    <subfield code="d">&#x411;&#x438;&#x431;&#x43B;&#x424;(&#x41A;&#x420;)</subfield>
    <subfield code="e">&#x411;&#x438;&#x431;&#x43B;&#x424;(&#x41A;&#x420;)</subfield>
    <subfield code="f">&#x411;&#x438;&#x431;&#x43B;&#x424;(&#x41A;&#x420;)56947</subfield>
    <subfield code="h">&#x411;&#x438;&#x431;&#x43B;&#x424;-&#x410;&#x43B;&#x444;&#x430;&#x432;&#x438;&#x442;</subfield>
    <subfield code="o">0</subfield>
    <subfield code="p">770.00</subfield>
    <subfield code="r">BOOK</subfield>
  </datafield>
</record>
